Statistical Methods for Handling Incomplete Data /by Jae Kwang Kim , Jun Shao (Record no. 52405)

MARC details
000 -LEADER
fixed length control field 00487nam a22001577a 4500
003 - CONTROL NUMBER IDENTIFIER
control field OSt
008 - FIXED-LENGTH DATA ELEMENTS--GENERAL INFORMATION
fixed length control field 260627b |||||||| |||| 00| 0 eng d
020 ## - INTERNATIONAL STANDARD BOOK NUMBER
International Standard Book Number 9780367280543
082 ## - DEWEY DECIMAL CLASSIFICATION NUMBER
Classification number 519.53
Item number K49S
100 ## - MAIN ENTRY--PERSONAL NAME
Personal name Kim, Jae Kwang
245 ## - TITLE STATEMENT
Title Statistical Methods for Handling Incomplete Data /by Jae Kwang Kim , Jun Shao
260 ## - PUBLICATION, DISTRIBUTION, ETC. (IMPRINT)
Place of publication, distribution, etc London:
Name of publisher, distributor, etc CRC Press,
Date of publication, distribution, etc 2022.
300 ## - PHYSICAL DESCRIPTION
Extent xvi, 364 p.
650 ## - SUBJECT ADDED ENTRY--TOPICAL TERM
Topical term or geographic name as entry element Pure Sciences | Mathematics | Statistics | Multivariate Analysis
942 ## - ADDED ENTRY ELEMENTS (KOHA)
Source of classification or shelving scheme
Koha item type Books
Holdings
Withdrawn status Lost status Source of classification or shelving scheme Damaged status Not for loan Home library Current library Shelving location Date acquired Source of acquisition Cost, normal purchase price Total Checkouts Full call number Barcode Date last seen Bill Date Koha item type Bill Number
          Dr. Rajendra Prasad Central Agricultural University Pusa, Dr. Rajendra Prasad Central Agricultural University Pusa, General Stacks 27/06/2026 Today & Tomorrow Printers and Publishers 16093.00   519.53 K49S 87602 27/06/2026 29/01/2026 Books Bill No. IN-00449
Hosted, Implemented, Customized & Maintained by: BestBookBuddies

Powered by Koha